[Event "World Open"]
[Site "Philadephia"]
[Date "2002.07.03"]
[Round "3"]
[White "Benen, Samson"]
[Black "Curdo, John A"]
[Result "1/2-1/2"]
[WhiteElo "2321"]
[BlackElo "2201"]
[PlyCount "73"]
[EventDate "2002.??.??"]

1. d4 f5 2. c4 Nf6 3. g3 g6 4. Bg2 Bg7 5. Nf3 O-O 6. b3 d6 7. Bb2 c6 8. O-O Na6
9. Nc3 Ne4 10. e3 Nxc3 11. Bxc3 Nc5 12. Nd2 Nd7 13. f4 e5 14. dxe5 dxe5 15. e4
exf4 16. Bxg7 Kxg7 17. gxf4 fxe4 18. Nxe4 Nf6 19. Nd6 Qb6+ 20. Kh1 Bg4 21. Qe1
Rad8 22. Qe7+ Kg8 23. f5 Rd7 24. Qe6+ Kg7 25. h3 Qd4 26. c5 Bxf5 27. Nxf5+ gxf5
28. Qxf5 Rdf7 29. Rad1 Qh4 30. Qe5 Qh5 31. Qc3 Kg8 32. Rd3 Qh4 33. Rg3+ Rg7 34.
Rgf3 Rgf7 35. Rg3+ Rg7 36. Rgf3 Rgf7 37. Rg3+ 1/2-1/2

[Event "World Open"]
[Site "Philadephia"]
[Date "2002.07.03"]
[Round "3"]
[White "Sarkar, Justin"]
[Black "Privman, Boris"]
[Result "1-0"]
[WhiteElo "2435"]
[BlackElo "2265"]
[PlyCount "91"]
[EventDate "2002.??.??"]

1. e4 e6 2. d4 d5 3. Nc3 Nf6 4. Bg5 Bb4 5. exd5 Qxd5 6. Bxf6 gxf6 7. Nge2 c5 8.
a3 Bxc3+ 9. Nxc3 Qxd4 10. Qxd4 cxd4 11. Nb5 Na6 12. Nxd4 Nc7 13. g3 Bd7 14. Bg2
O-O-O 15. O-O-O e5 16. Nb3 Ne6 17. Na5 b6 18. Nc6 Bxc6 19. Bxc6 Rxd1+ 20. Rxd1
Nd4 21. Bg2 Kc7 22. c3 Nf5 23. Rd3 Rg8 24. Rf3 Nh4 25. gxh4 Rxg2 26. Rxf6 Rxh2
27. Rxf7+ Kb8 28. Rxh7 Rxf2 29. h5 Rh2 30. h6 e4 31. c4 e3 32. Kd1 Rd2+ 33. Ke1
Rd6 34. b4 a5 35. c5 Re6 36. Ke2 axb4 37. axb4 bxc5 38. bxc5 Ka8 39. Rh8+ Kb7
40. h7 Re7 41. Rb8+ Kxb8 42. h8=Q+ Kc7 43. Qf6 Re8 44. Qd6+ Kc8 45. c6 Rd8 46.
Qe7 1-0

[Event "World Open: 2 Weekend"]
[Site "Philadelphia, PA"]
[Date "2002.06.30"]
[Round "2"]
[White "Ibragimov, Ildar"]
[Black "Burnett, Ronald W"]
[Result "0-1"]
[WhiteElo "2672"]
[BlackElo "2472"]
[PlyCount "56"]
[EventDate "2002.??.??"]

1. d4 Nf6 2. c4 e6 3. Nc3 Bb4 4. e3 b6 5. Nge2 Ba6 6. a3 Be7 7. Nf4 d5 8. cxd5
Bxf1 9. dxe6 Ba6 10. exf7+ Kxf7 11. Qb3+ Ke8 12. Ne6 Qd7 13. Nxg7+ Kd8 14. Ne6+
Kc8 15. d5 Bb7 16. Nf4 Bd6 17. e4 Re8 18. f3 Bxf4 19. Bxf4 Bxd5 20. Qc2 Bc4 21.
Rc1 Na6 22. Ne2 Bd3 23. Qc3 Nxe4 24. fxe4 Rxe4 25. O-O Bxe2 26. Rf2 Rc4 27. Qe1
Rxc1 28. Bxc1 Bd3 0-1

[Event "World Open: 3-Day"]
[Site "Philadelphia, PA"]
[Date "2002.07.05"]
[Round "1"]
[White "Adu, Oladapo O"]
[Black "Gurevich, Dmitry"]
[Result "0-1"]
[WhiteElo "2286"]
[BlackElo "2588"]
[PlyCount "53"]
[EventDate "2002.??.??"]

1. e4 c5 2. Nf3 Nc6 3. d3 g6 4. g3 Bg7 5. Bg2 Nf6 6. O-O d5 7. Nbd2 O-O 8. Re1
h6 9. c3 e5 10. exd5 Nxd5 11. Nc4 Re8 12. a4 Bf5 13. Nh4 Be6 14. a5 Qc7 15. Qa4
Rad8 16. Qb5 a6 17. Qa4 Nde7 18. Nf3 Nf5 19. Bf1 Bxc4 20. dxc4 e4 21. Bf4 Qc8
22. Nh4 Nxh4 23. gxh4 Ne5 24. Bg2 Nf3+ 25. Kh1 Nxh4 26. Bf1 Nf3 27. Red1 0-1

[Event "World Open: 3-Day"]
[Site "Philadelphia, PA"]
[Date "2002.07.05"]
[Round "1"]
[White "Dokuchayev, Andrey"]
[Black "Ginsburg, Mark"]
[Result "1-0"]
[WhiteElo "2234"]
[BlackElo "2451"]
[PlyCount "58"]
[EventDate "2002.??.??"]

1. d4 Nf6 2. c4 d6 3. Nf3 Bg4 4. e3 g6 5. Be2 Bg7 6. Nc3 O-O 7. O-O c6 8. b4
Nbd7 9. Bb2 d5 10. Qb3 Nb6 11. Ne5 Bxe2 12. Nxe2 Ne4 13. c5 Bxe5 14. dxe5 Nd2
15. Qc3 Nbc4 16. Rfd1 Nxb2 17. Qxb2 Nc4 18. Qd4 f6 19. e6 f5 20. f3 Qc8 21. e4
fxe4 22. fxe4 Qxe6 23. exd5 Qe3+ 24. Qxe3 Nxe3 25. dxc6 Nxd1 26. cxb7 Rab8 27.
c6 Ne3 28. Nd4 Nd5 29. b5 Nc7 1-0

[Event "World Open: 3-Day"]
[Site "Philadelphia, PA"]
[Date "2002.07.05"]
[Round "1"]
[White "Mikhailuk, Slava"]
[Black "Rouleau, John S"]
[Result "0-1"]
[WhiteElo "2437"]
[BlackElo "2201"]
[PlyCount "78"]
[EventDate "2002.??.??"]

1. Nf3 d6 2. d4 Bg4 3. e4 Nf6 4. Nc3 e6 5. h3 Bh5 6. Bg5 Be7 7. Qd3 c6 8. O-O-O
d5 9. exd5 Nxd5 10. Bxe7 Qxe7 11. Nxd5 cxd5 12. g4 Bg6 13. Qb5+ Nc6 14. Ne5 O-O
15. Nxg6 hxg6 16. Kb1 Qf6 17. Qd3 Qxf2 18. h4 Nb4 19. Qb3 Rac8 20. Bd3 Nxd3 21.
Qxd3 Qf4 22. g5 Qe4 23. Qxe4 dxe4 24. Rde1 f5 25. gxf6 gxf6 26. Rxe4 Kf7 27. c3
Rh8 28. Rhe1 Rce8 29. Kc2 f5 30. Re5 Rxh4 31. a4 Rhh8 32. a5 g5 33. d5 exd5 34.
Rxf5+ Kg6 35. Ref1 Rh2+ 36. Kd3 Ree2 37. Kd4 Rxb2 38. Rf6+ Kh5 39. Rf7 Rbc2 0-1

[Event "World Open: 5-Day"]
[Site "Philadelphia, PA"]
[Date "2002.07.03"]
[Round "1"]
[White "Anka, Emil"]
[Black "Vanenk, Steven J"]
[Result "1-0"]
[WhiteElo "2580"]
[BlackElo "2200"]
[PlyCount "133"]
[EventDate "2002.??.??"]

1. e4 e6 2. d4 d5 3. Nd2 c5 4. exd5 Qxd5 5. Ngf3 cxd4 6. Bc4 Qd6 7. Qe2 Nf6 8.
Nb3 Nc6 9. Bg5 Be7 10. O-O-O a6 11. Nbxd4 Nxd4 12. Rxd4 Qc5 13. Rhd1 b5 14. Bb3
Bb7 15. Ne5 O-O 16. Bxf6 Bxf6 17. Nd7 Qg5+ 18. f4 Qh6 19. Nxf8 Rxf8 20. g3 Bxd4
21. Rxd4 Qf6 22. Rd7 Bc8 23. Rc7 Qd4 24. Qe1 Rd8 25. a3 a5 26. Rc3 a4 27. Rd3
Qb6 28. Qf2 Qa5 29. Rxd8+ Qxd8 30. Ba2 Bb7 31. Qc5 Bf3 32. b3 axb3 33. Bxb3 Be2
34. f5 exf5 35. Qxf5 Qf8 36. Kd2 Bc4 37. Bxc4 bxc4 38. Qa5 g6 39. Kc3 Qh6 40.
Qd8+ Kg7 41. Qd2 Qh3 42. a4 f6 43. a5 Qe6 44. Kb4 h5 45. Qc3 Qe2 46. h4 Qe6 47.
Qxc4 Qe1+ 48. Qc3 Qe4+ 49. Ka3 Qe7+ 50. Kb2 Qd6 51. Kb3 Qb8+ 52. Ka2 Qd6 53.
Qd3 Qe6+ 54. Qb3 Qc6 55. Kb2 Qd6 56. Qb7+ Kh6 57. a6 Qe5+ 58. c3 Qe2+ 59. Kb3
Qd1+ 60. Kb4 Qd6+ 61. Ka4 Qd1+ 62. Qb3 Qd6 63. Qc4 Qd7+ 64. Ka5 Qd8+ 65. Kb5
Qb8+ 66. Ka4 Qd6 67. Qf4+ 1-0

[Event "World Open: 5-Day"]
[Site "Philadelphia, PA"]
[Date "2002.07.03"]
[Round "1"]
[White "Dacanay, Dexter Lim"]
[Black "Summerscale, Aaron"]
[Result "0-1"]
[WhiteElo "2195"]
[BlackElo "2518"]
[PlyCount "98"]
[EventDate "2002.??.??"]

1. e4 e6 2. d4 d5 3. Nc3 Nf6 4. Bg5 Be7 5. e5 Nfd7 6. Bxe7 Qxe7 7. Qd2 O-O 8.
O-O-O c5 9. f4 cxd4 10. Nb5 Nc6 11. Nf3 f6 12. Re1 fxe5 13. fxe5 Rxf3 14. gxf3
Ndxe5 15. Qf4 Ng6 16. Qg3 e5 17. h4 Bf5 18. h5 Nf4 19. Qxf4 exf4 20. Rxe7 Nxe7
21. Nxd4 Bd7 22. Rh4 Rf8 23. Bd3 Nc6 24. Ne2 Ne5 25. Rxf4 Rxf4 26. Nxf4 Bc6 27.
Bf5 d4 28. Be4 Bxe4 29. fxe4 Kf7 30. Kd1 g5 31. hxg6+ hxg6 32. Ke2 g5 33. Nd3
Kf6 34. Nc5 b6 35. Nd3 a5 36. a4 Ke6 37. b3 Kd6 38. Kf2 Nc6 39. Ke2 Nb4 40. Kd2
g4 41. e5+ Ke6 42. Nf2 g3 43. Nh3 Kxe5 44. c3 Nd5 45. cxd4+ Kxd4 46. Ng1 Ke4
47. Ne2 g2 48. Ng3+ Kf3 49. Ne2 Nf4 0-1

[Event "World Open: 5-Day"]
[Site "Philadelphia, PA"]
[Date "2002.07.03"]
[Round "1"]
[White "Hanken, Jerome B"]
[Black "Morovic, Ivan"]
[Result "0-1"]
[WhiteElo "2205"]
[BlackElo "2713"]
[PlyCount "82"]
[EventDate "2002.??.??"]

1. c4 e5 2. g3 Nf6 3. Bg2 Nc6 4. Nc3 Bb4 5. Nd5 Bc5 6. e3 O-O 7. Ne2 d6 8. O-O
a5 9. d4 Ba7 10. Nxf6+ Qxf6 11. d5 Nb8 12. Bd2 Qe7 13. Bxa5 Bxe3 14. Bc3 Ba7
15. Kh1 Nd7 16. f4 exf4 17. gxf4 Nf6 18. Nd4 Ne4 19. Qe1 Re8 20. Nb5 Bb6 21.
Bd4 Bxd4 22. Nxd4 Bd7 23. Qb4 Ra4 24. Qxb7 Rxc4 25. Nc6 Bxc6 26. dxc6 Rc2 27.
Qb3 Re2 28. Kg1 Nd2 29. Qc3 Nxf1 30. Rxf1 Qe6 31. Bf3 Re3 32. Qa5 Qf6 33. Qxc7
Qg6+ 34. Kf2 Rxf3+ 35. Kxf3 Qd3+ 36. Kg2 Re2+ 37. Rf2 Qe4+ 38. Kg1 Re1+ 39. Rf1
Qe3+ 40. Kg2 Re2+ 41. Kh1 Qe4+ 0-1

[Event "World Open: 5-Day"]
[Site "Philadelphia, PA"]
[Date "2002.07.03"]
[Round "1"]
[White "Hook, William E"]
[Black "Stripunsky, Alexa"]
[Result "0-1"]
[WhiteElo "2200"]
[BlackElo "2637"]
[PlyCount "134"]
[EventDate "2002.??.??"]

1. d4 d5 2. Nf3 c6 3. e3 Bf5 4. Nbd2 e6 5. c4 Nd7 6. Qb3 Rb8 7. Bd3 Bxd3 8.
Qxd3 Ngf6 9. O-O Bd6 10. e4 dxe4 11. Nxe4 Nxe4 12. Qxe4 O-O 13. Bg5 Be7 14. Bf4
Rc8 15. Rfd1 Re8 16. h3 Bf8 17. Qc2 Qa5 18. a3 Qh5 19. Rac1 a6 20. a4 Qa5 21.
c5 Nf6 22. b4 Qd8 23. Bg5 h6 24. Bxf6 Qxf6 25. b5 axb5 26. axb5 Red8 27. bxc6
bxc6 28. Qa4 Rd5 29. Rb1 Qd8 30. Re1 Be7 31. Rb6 Bf6 32. Rxc6 Rxc6 33. Qxc6
Bxd4 34. Nxd4 Rxd4 35. Rc1 Qg5 36. Rc2 Rd1+ 37. Kh2 Qe5+ 38. g3 Qf5 39. Re2 Rc1
40. Qa8+ Kh7 41. Qe4 Qxe4 42. Rxe4 Rxc5 43. Kg2 h5 44. Ra4 Kg6 45. Rb4 Rd5 46.
Ra4 Kf6 47. Rf4+ Rf5 48. Rh4 g6 49. Rb4 Rd5 50. Rf4+ Ke7 51. Ra4 Rd2 52. Ra7+
Kf6 53. h4 e5 54. Kf3 Ke6 55. Ke3 Rb2 56. Ra6+ Kf5 57. Ra5 Rb3+ 58. Ke2 f6 59.
Rc5 Kg4 60. Rc4+ Kh3 61. Rc6 f5 62. Rxg6 e4 63. Rg5 Rf3 64. Rxh5 Kg2 65. Rg5
Rxf2+ 66. Ke3 Kf1 67. h5 Rf3+ 0-1

[Event "World Open: 5-Day"]
[Site "Philadelphia, PA"]
[Date "2002.07.03"]
[Round "1"]
[White "Miton, Kamil"]
[Black "Brownscombe, Tom"]
[Result "1-0"]
[WhiteElo "2669"]
[BlackElo "2200"]
[PlyCount "109"]
[EventDate "2002.??.??"]

1. d4 Nf6 2. c4 e6 3. g3 d5 4. Bg2 Be7 5. Nf3 O-O 6. O-O b6 7. Nc3 Bb7 8. Ne5
Nbd7 9. Qa4 Nxe5 10. dxe5 Ne4 11. Nxe4 dxe4 12. Rd1 Qe8 13. Qc2 Qc6 $2 (13...
Rd8) 14. Rd4 Qc5 15. Rd7 Rfd8 16. Be3 Qxe5 17. Bf4 Qf6 18. Rxc7 e5 19. Be3 Bc6
20. Rxc6 Qxc6 21. Bxe4 Qc8 22. Bxa8 Qxa8 23. Rd1 g6 24. Rxd8+ Qxd8 25. Qa4 a5
26. Kg2 Bc5 27. Bh6 Bf8 28. Bxf8 Kxf8 29. Qa3+ Kg7 30. Qd3 Qc7 31. Qd5 h5 32.
h4 f6 33. b3 g5 34. hxg5 fxg5 35. Qf3 Kg6 36. Qe4+ Kh6 37. Qd5 h4 38. Qe6+ Kh7
39. Qf5+ Kh6 40. Qf6+ Kh7 41. Qxg5 hxg3 42. Qxg3 Qc6+ 43. f3 Qd6 44. Qh4+ Kg7
45. Qg5+ Kf8 46. Qf5+ Ke7 47. Qe4 Qf6 48. f4 Qg7+ 49. Kf2 Qh6 50. Qxe5+ Kd7 51.
f5 Qh4+ 52. Ke3 Qg5+ 53. Kd3 Qc1 54. f6 Qb1+ 55. Ke3 1-0

[Event "World Open: 5-Day"]
[Site "Philadelphia, PA"]
[Date "2002.07.03"]
[Round "1"]
[White "Strugatsky, Vladimir"]
[Black "Saint-Amand, Paul"]
[Result "1/2-1/2"]
[WhiteElo "2495"]
[BlackElo "2177"]
[PlyCount "45"]
[EventDate "2002.??.??"]

1. d4 Nf6 2. Nf3 e6 3. Nc3 d5 4. Bg5 Be7 5. Bxf6 Bxf6 6. e4 dxe4 7. Nxe4 Be7 8.
Bc4 O-O 9. Qd2 b6 10. O-O-O Bb7 11. Qf4 Nd7 12. d5 exd5 13. Bxd5 Bxd5 14. Rxd5
Qc8 15. Re1 Nf6 16. Re5 Bd8 17. Ng3 c6 18. Nf5 Nd5 19. Rxd5 cxd5 20. Re7 Qxf5
21. Qxf5 Bxe7 22. Qxd5 Rad8 23. Qb7 1/2-1/2

[Event "World Open: 5-Day"]
[Site "Philadelphia, PA"]
[Date "2002.07.04"]
[Round "2"]
[White "Allen, David"]
[Black "Adamson, Robby"]
[Result "0-1"]
[WhiteElo "2020"]
[BlackElo "2353"]
[PlyCount "82"]
[EventDate "2002.??.??"]

1. d4 Nf6 2. c4 c5 3. d5 b5 4. cxb5 a6 5. f3 axb5 6. e4 Qa5+ 7. Bd2 b4 8. Na3
d6 9. Nc4 Qc7 10. a3 bxa3 11. Rxa3 Rxa3 12. bxa3 Nbd7 13. Qa4 g6 14. Bd3 Bg7
15. Ne2 O-O 16. O-O Bb7 17. Rb1 Ra8 18. Qb3 Ba6 19. a4 Qa7 20. Nc3 Ne8 21. Nb5
Bxb5 22. axb5 Nb6 23. Bc3 Bxc3 24. Qxc3 Nf6 25. Nxb6 Qxb6 26. Bc4 Nd7 27. f4
Qa7 28. e5 Nb6 29. exd6 exd6 30. Re1 Qa4 31. Bf1 Qxf4 32. g3 Qf5 33. Bg2 Nd7
34. Rf1 Qg5 35. Bh3 Ne5 36. b6 Rb8 37. Qb3 c4 38. Qa3 Rxb6 39. Qa8+ Kg7 40. Qa5
Qe3+ 41. Kh1 Rb2 0-1

[Event "World Open: 5-Day"]
[Site "Philadelphia, PA"]
[Date "2002.07.04"]
[Round "2"]
[White "Bartholomew, John"]
[Black "Anka, Emil"]
[Result "1/2-1/2"]
[WhiteElo "2246"]
[BlackElo "2580"]
[PlyCount "87"]
[EventDate "2002.??.??"]

1. e4 c5 2. Nf3 d6 3. d4 cxd4 4. Nxd4 Nf6 5. Nc3 a6 6. Bg5 e6 7. f4 Be7 8. Qf3
h6 9. Bh4 Qc7 10. O-O-O Nbd7 11. Bd3 g5 12. fxg5 Ne5 13. Qe2 Nfg4 14. Nf3 Nxf3
15. gxf3 hxg5 16. Bg3 Ne5 17. Qf2 Ng6 18. Na4 b5 19. Nb6 Rb8 20. Nxc8 Rxc8 21.
Kb1 Qc5 22. Qxc5 Rxc5 23. c3 Rc6 24. a4 bxa4 25. Bc2 O-O 26. Bxa4 Rb6 27. Rd2
Bf6 28. Rxd6 Rb7 29. Ka2 Rfb8 30. Rd2 Rc8 31. Rd7 Rb6 32. Bf2 Rbb8 33. Ba7 Ra8
34. Bd4 Bxd4 35. Rxd4 Kg7 36. Rg1 Kf6 37. Bd1 Rd8 38. Be2 Nf4 39. Bc4 Rac8 40.
Bb3 Rxd4 41. cxd4 Rh8 42. e5+ Ke7 43. Rxg5 Rxh2 44. Bc4 1/2-1/2

[Event "World Open: 5-Day"]
[Site "Philadelphia, PA"]
[Date "2002.07.04"]
[Round "2"]
[White "Magar, Thomas P"]
[Black "Cates, James S"]
[Result "0-1"]
[WhiteElo "2205"]
[BlackElo "2065"]
[PlyCount "50"]
[EventDate "2002.??.??"]

1. d4 Nf6 2. c4 g6 3. Nc3 Bg7 4. e4 d6 5. f3 O-O 6. Be3 e5 7. d5 Nh5 8. Qd2
Qh4+ 9. g3 Nxg3 10. Qf2 Nxf1 11. Qxh4 Nxe3 12. Ke2 Nc2 13. Rc1 Nd4+ 14. Kd3 f5
15. b4 a5 16. b5 Nd7 17. Nce2 fxe4+ 18. fxe4 Bf6 19. Qh6 Nc5+ 20. Ke3 Bg7 21.
Qh4 h5 22. Qg5 Kh7 23. Qe7 Bd7 24. Nxd4 exd4+ 25. Ke2 Rae8 0-1

[Event "World Open: 5-Day"]
[Site "Philadelphia, PA"]
[Date "2002.07.04"]
[Round "2"]
[White "Miller, Steven C"]
[Black "Dougherty, Michael"]
[Result "0-1"]
[WhiteElo "2147"]
[BlackElo "2404"]
[PlyCount "46"]
[EventDate "2002.??.??"]

1. e4 c5 2. Nf3 Nc6 3. d4 cxd4 4. Nxd4 Nf6 5. Nc3 d6 6. Bc4 Qb6 7. Nde2 e6 8.
O-O a6 9. a3 Qc7 10. Kh1 b5 11. Ba2 Be7 12. f4 b4 13. axb4 Nxb4 14. Bb3 Bb7 15.
Ng3 h5 16. Qd4 h4 17. Nge2 d5 18. e5 Bc5 19. Qd1 Ne4 20. Nd4 Ng3+ 21. hxg3
hxg3+ 22. Kg1 Qe7 23. Nce2 Rh1+ 0-1

[Event "World Open: 5-Day"]
[Site "Philadelphia, PA"]
[Date "2002.07.04"]
[Round "2"]
[White "Morovic, Ivan"]
[Black "Small, Gregg H"]
[Result "1-0"]
[WhiteElo "2615"]
[BlackElo "2305"]
[PlyCount "43"]
[EventDate "2002.??.??"]

1. e4 e5 2. Nf3 Nf6 3. Nxe5 d6 4. Nf3 Nxe4 5. d4 d5 6. Bd3 Bd6 7. O-O O-O 8. c4
c6 9. cxd5 cxd5 10. Nc3 Nxc3 11. bxc3 Nc6 12. h3 Ne7 13. Re1 Rb8 14. Ne5 Bf5
15. Bxf5 Nxf5 16. Qg4 g6 17. Qf3 Be7 18. Ng4 Qd7 19. Ba3 h5 20. Rxe7 Qa4 21.
Nf6+ Kh8 22. Re5 1-0

[Event "World Open: 5-Day"]
[Site "Philadelphia, PA"]
[Date "2002.07.04"]
[Round "2"]
[White "Rohrbaugh, Tommy P"]
[Black "Rubenchik, Rodion"]
[Result "1/2-1/2"]
[WhiteElo "2016"]
[BlackElo "2342"]
[PlyCount "68"]
[EventDate "2002.??.??"]

1. d4 d5 2. c4 c6 3. Nf3 Nf6 4. Nc3 dxc4 5. a4 Bf5 6. e3 e6 7. Bxc4 Bb4 8. O-O
O-O 9. Qe2 Nbd7 10. Rd1 Qa5 11. Bd2 Ne4 12. Nxe4 Bxe4 13. Bxb4 Qxb4 14. Ng5 Bd5
15. Rdc1 h6 16. Bxd5 exd5 17. Nf3 a5 18. Qd2 Qd6 19. Ra3 Rfc8 20. Rb3 b6 21.
Ne1 Rc7 22. Nd3 Rac8 23. g3 g6 24. Kg2 Kg7 25. Rcc3 f6 26. Rc1 g5 27. h3 c5 28.
dxc5 Nxc5 29. Nxc5 Rxc5 30. Rbc3 Rxc3 31. Rxc3 Rc5 32. Qd4 Qc6 33. h4 Rc4 34.
Rxc4 Qxc4 1/2-1/2

[Event "World Open: 5-Day"]
[Site "Philadelphia, PA"]
[Date "2002.07.04"]
[Round "2"]
[White "Stevens, Christian"]
[Black "Kalikshteyn, Alex"]
[Result "1/2-1/2"]
[WhiteElo "2211"]
[BlackElo "2424"]
[PlyCount "33"]
[EventDate "2002.??.??"]

1. c4 e6 2. d4 d5 3. Nf3 c6 4. e3 Nf6 5. Bd3 Nbd7 6. O-O b6 7. Nbd2 Bb7 8. b3
Bd6 9. Bb2 O-O 10. Qe2 Qe7 11. e4 dxe4 12. Nxe4 Nxe4 13. Bxe4 Nf6 14. Bc2 Ba3
15. Bc3 Bb4 16. Bb2 Ba3 17. Bc3 1/2-1/2

[Event "World Open: 5-Day"]
[Site "Philadelphia, PA"]
[Date "2002.07.04"]
[Round "2"]
[White "Stripunsky, Alexander"]
[Black "Anderson, Renard W"]
[Result "1-0"]
[WhiteElo "2637"]
[BlackElo "2258"]
[PlyCount "69"]
[EventDate "2002.??.??"]

1. e4 c5 2. Nc3 d6 3. g3 Nc6 4. Bg2 g6 5. d3 Bg7 6. Be3 e5 7. Nge2 Nge7 8. O-O
O-O 9. Qd2 Nd4 10. f4 exf4 11. Nxf4 Rb8 12. Ncd5 Nxd5 13. Nxd5 Be6 14. Rf2 Bxd5
15. exd5 b5 16. c3 Nf5 17. Bg5 f6 18. Bf4 b4 19. Re1 bxc3 20. bxc3 g5 21. Bh3
Ne7 22. Be3 Kh8 23. Be6 Ng6 24. Ref1 Qa5 25. d4 c4 26. h4 h6 27. Qc2 Ne7 28.
hxg5 fxg5 29. Bxg5 Rxf2 30. Rxf2 Nxd5 31. Qg6 Qxc3 32. Bxh6 Qe1+ 33. Kg2 Ne3+
34. Bxe3 Qxe3 35. Rf4 1-0

[Event "World Open: 5-Day"]
[Site "Philadelphia, PA"]
[Date "2002.07.04"]
[Round "3"]
[White "Anka, Emil"]
[Black "Carrion, Marcelo"]
[Result "1-0"]
[WhiteElo "2580"]
[BlackElo "2274"]
[PlyCount "74"]
[EventDate "2002.??.??"]

1. e4 d5 2. exd5 Nf6 3. d4 Nxd5 4. Be2 g6 5. Nf3 Bg7 6. O-O O-O 7. Re1 Nc6 8.
c3 Bf5 9. Na3 Re8 10. c4 Nb6 11. d5 Nb4 12. Nd4 Bd7 13. Qd2 a5 14. Nb3 c6 15.
Nxa5 N6xd5 16. Nb3 Rxa3 17. bxa3 Bc3 18. Qd1 Bxe1 19. cxd5 Bc3 20. axb4 Bxa1
21. Nxa1 cxd5 22. Bb2 Qb6 23. a3 e6 24. h4 Bb5 25. h5 e5 26. hxg6 hxg6 27. Nb3
d4 28. Nc5 Bxe2 29. Qxe2 Qc6 30. f3 b6 31. Nd3 Qc4 32. Qd2 f6 33. Nf2 Kg7 34.
f4 Ra8 35. fxe5 fxe5 36. Qg5 Qe6 37. Nd3 Re8 1-0

[Event "World Open: 5-Day"]
[Site "Philadelphia, PA"]
[Date "2002.07.04"]
[Round "3"]
[White "Cates, James S"]
[Black "Chernin, Oliver"]
[Result "0-1"]
[WhiteElo "2065"]
[BlackElo "2221"]
[PlyCount "56"]
[EventDate "2002.??.??"]

1. e4 Nf6 2. Nc3 d5 3. exd5 Nxd5 4. d4 g6 5. Nxd5 Qxd5 6. Be2 Bg7 7. Be3 O-O 8.
Bf3 Qb5 9. Qc1 c5 10. Ne2 Nc6 11. a4 Qa5+ 12. Bd2 Qb6 13. a5 Qc7 14. dxc5 Ne5
15. Be3 Nxf3+ 16. gxf3 Qc6 17. c3 Qxf3 18. Ng3 f5 19. Qd1 Qxd1+ 20. Rxd1 f4 21.
Bxf4 Rxf4 22. Rd8+ Rf8 23. Rxf8+ Kxf8 24. Ke2 Bd7 25. Rd1 Bc6 26. Rc1 Rd8 27.
b4 h6 28. Rc2 Ba4 0-1

[Event "World Open: 5-Day"]
[Site "Philadelphia, PA"]
[Date "2002.07.04"]
[Round "3"]
[White "Hagerling, Isaac"]
[Black "Roper, David"]
[Result "1/2-1/2"]
[WhiteElo "2014"]
[BlackElo "2282"]
[PlyCount "68"]
[EventDate "2002.??.??"]

1. e4 c5 2. Nf3 e6 3. d4 cxd4 4. Nxd4 a6 5. Be3 Nf6 6. Nd2 Qc7 7. f4 b5 8. Bd3
Bb7 9. Qe2 d6 10. g4 Nc6 11. Nxc6 Bxc6 12. g5 Nd7 13. Rf1 Rb8 14. c3 Nc5 15.
Bxc5 dxc5 16. f5 c4 17. Bc2 Bd6 18. fxe6 fxe6 19. e5 Be7 20. O-O-O g6 21. h4
Bd5 22. h5 b4 23. Ba4+ Kd8 24. Ne4 Qxe5 25. Qxc4 Rc8 26. Qd4 Qxd4 27. Rxd4 bxc3
28. Nxc3 gxh5 29. Kb1 Rc4 30. Rd3 Rf8 31. Re1 Bd6 32. Nxd5 exd5 33. Rxd5 Kc7
34. Bb3 Rc5 1/2-1/2

[Event "World Open: 5-Day"]
[Site "Philadelphia, PA"]
[Date "2002.07.04"]
[Round "3"]
[White "Hoekstra, Matthew"]
[Black "Summerscale, Aaron"]
[Result "1/2-1/2"]
[WhiteElo "2336"]
[BlackElo "2518"]
[PlyCount "30"]
[EventDate "2002.??.??"]

1. e4 e6 2. d4 d5 3. Nd2 c5 4. exd5 exd5 5. Ngf3 Nf6 6. Bb5+ Bd7 7. Qe2+ Be7 8.
O-O O-O 9. dxc5 Re8 10. Nb3 a6 11. Bxd7 Nbxd7 12. Qd3 Bxc5 13. Nxc5 Nxc5 14.
Qa3 Qc7 15. Be3 Ne6 1/2-1/2

[Event "World Open: 5-Day"]
[Site "Philadelphia, PA"]
[Date "2002.07.04"]
[Round "3"]
[White "Multhopp, Hans"]
[Black "Glinert, Stephen"]
[Result "*"]
[WhiteElo "2225"]
[BlackElo "2404"]
[PlyCount "65"]
[EventDate "2002.??.??"]

1. e4 b6 2. Nf3 Bb7 3. Nc3 e6 4. d3 d5 5. g3 Nf6 6. Bg2 dxe4 7. Ng5 Bb4 8. O-O
Bxc3 9. bxc3 h6 10. Nxe4 Nxe4 11. dxe4 Qxd1 12. Rxd1 Nd7 13. Be3 Ke7 14. Rd2
Rhd8 15. Rad1 c5 16. f3 Ne5 17. Rxd8 Rxd8 18. Rxd8 Kxd8 19. Kf2 Ba6 20. h3 Bc4
21. a3 Bb5 22. Ke1 Kd7 23. Bc1 f6 24. h4 Bc4 25. Bf4 Nf7 26. Bf1 Bxf1 27. Kxf1
Kc8 28. Ke2 e5 29. Bc1 b5 30. Bb2 Nd6 31. Kd3 c4+ 32. Ke3 Kd7 33. f4 *

[Event "World Open: 5-Day"]
[Site "Philadelphia, PA"]
[Date "2002.07.04"]
[Round "3"]
[White "Strugatsky, Vladimir"]
[Black "Shivaji, Shivkumar"]
[Result "1/2-1/2"]
[WhiteElo "2495"]
[BlackElo "2246"]
[PlyCount "57"]
[EventDate "2002.??.??"]

1. d4 Nf6 2. c4 g6 3. Nf3 Bg7 4. g3 O-O 5. Bg2 d5 6. cxd5 Nxd5 7. O-O Nc6 8. e4
Nb6 9. d5 Na5 10. Na3 c6 11. Qe2 cxd5 12. exd5 Nxd5 13. Rd1 e6 14. Be3 Qe7 15.
Bg5 Qb4 16. Rab1 Nc6 17. Nc4 Bd7 18. a3 Qb5 19. Qe4 Na5 20. Nce5 Bc6 21. Qe1
Nb3 22. Bf1 Qb6 23. Bc4 Rac8 24. Nxc6 bxc6 25. Ne5 Rc7 26. Ng4 Nd4 27. Kg2 c5
28. Bxd5 exd5 29. Bf4 1/2-1/2

[Event "World Open: 5-Day"]
[Site "Philadelphia, PA"]
[Date "2002.07.05"]
[Round "4"]
[White "Becerra, Julio J"]
[Black "Zaremba, Andrei A"]
[Result "1/2-1/2"]
[WhiteElo "2605"]
[BlackElo "2373"]
[PlyCount "86"]
[EventDate "2002.??.??"]

1. e4 c5 2. Nf3 d6 3. d4 cxd4 4. Nxd4 Nf6 5. Nc3 g6 6. g3 Nc6 7. Nde2 Bg7 8.
Bg2 O-O 9. O-O Qa5 10. h3 Rd8 11. Nd5 Rd7 12. c3 e6 13. Nxf6+ Bxf6 14. Be3 Bg7
15. a4 Qd8 16. f4 b6 17. Rf2 Ba6 18. Nd4 Nxd4 19. cxd4 Rc8 20. h4 d5 21. exd5
Rxd5 22. Rd2 Bb7 23. Ra3 Qd7 24. Rc3 Rd8 25. Bxd5 Qxd5 26. Kh2 Bf8 27. Rdc2 Bb4
28. Rc7 Bd6 29. Rxb7 Qxb7 30. Qh1 Qa6 31. Qc6 Qd3 32. Rc3 Qe2+ 33. Qg2 Qd1 34.
Qc2 Qxc2+ 35. Rxc2 h5 36. Kg2 Kf8 37. Kf3 Ke7 38. Ke4 f5+ 39. Kd3 Kd7 40. b3
Rb8 41. Bd2 a6 42. Be1 Re8 43. Bd2 Rb8 1/2-1/2

[Event "World Open: 5-Day"]
[Site "Philadelphia, PA"]
[Date "2002.07.05"]
[Round "4"]
[White "Summerscale, Aaron"]
[Black "Milisits, Ryan R"]
[Result "1-0"]
[WhiteElo "2518"]
[BlackElo "2082"]
[PlyCount "119"]
[EventDate "2002.??.??"]

1. d4 Nf6 2. c4 e6 3. Nc3 d5 4. cxd5 exd5 5. Bg5 Be7 6. e3 O-O 7. Bd3 Nbd7 8.
Nge2 b6 9. Ng3 h6 10. Bf4 c5 11. O-O Bb7 12. Nf5 Ne4 13. Qg4 Bg5 14. Bxg5 Qxg5
15. Qxg5 Nxg5 16. Ne7+ Kh8 17. Nexd5 cxd4 18. exd4 Rad8 19. Nf4 Nf6 20. Nce2
Nd5 21. Nxd5 Bxd5 22. Rfd1 Rd6 23. b3 Re8 24. Rac1 Ne6 25. Rd2 Red8 26. Bf5 a5
27. f3 g6 28. Bxe6 Bxe6 29. Rcd1 Bd5 30. Nc3 Kg7 31. Kf2 Rc6 32. Rd3 f5 33. Re1
Kf6 34. Re5 Bf7 35. Ke3 Rcd6 36. f4 g5 37. d5 b5 38. Nxb5 Rxd5 39. Rexd5 Rxd5
40. Rxd5 Bxd5 41. g3 Kg6 42. Nd4 Be4 43. g4 Bb1 44. gxf5+ Kf6 45. a3 g4 46. b4
axb4 47. axb4 h5 48. b5 Ba2 49. Kf2 h4 50. Nc2 Bd5 51. Ne3 Ba8 52. b6 Bb7 53.
Nxg4+ Kxf5 54. Ne3+ Kxf4 55. Nc4 Kg4 56. Nd6 Bc6 57. b7 Bxb7 58. Nxb7 Kh3 59.
Kg1 Kg4 60. Kg2 1-0